[Event "Magnus Carlsen Invitational-KO 2021"]
[Site "Online"]
[Date "2021.03.17"]
[Round "2.2"]
[White "Carlsen, Magnus"]
[Black "Nepomniachtchi, Ian"]
[Result "0-1"]
[WhiteElo "2847"]
[BlackElo "2789"]
[Annotator "TA"]
[PlyCount "92"]
[EventDate "2021.03.16"]
[EventType "k.o."]
[EventCountry "NET"]
[SourceTitle "playchess.com"]
[Source "ChessBase"]
[SourceQuality "1"]

{[%evp 9,92,15,28,18,18,16,23,20,21,3,16,0,0,0,0,-14,0,0,0,-7,-5,-8,0,0,0,0,0,0,0,-22,12,32,35,27,140,128,129,56,56,56,56,56,56,61,65,44,64,41,35,31,39,34,43,35,35,31,35,26,87,83,80,14,14,2,8,0,0,-55,-63,-220,-214,-185,-67,-71,-69,-220,-220,-219,-211,-620,-620,-29988,-29989,-29989,-29975]} 1. d4 Nf6 2. c4 e6 3. Nc3 d5 4. cxd5 exd5 5. Bg5 Bb4 6. Qa4+ {D35: Queen's Gambit Declined: Exchange Variation.} Nc6 {[%cal Bb8c6,Bc6e7,Be7f5,Bf5h4][%mdl 32]} 7. e3 h6 8. Bxf6 {White has an edge.} Qxf6 9. Nge2 O-O {[#]} 10. a3 $146 ({Predecessor:} 10. Ng3 Bf5 11. Rc1 a6 12. Be2 Bg6 13. O-O Bxc3 14. Rxc3 Qd6 15. Rfc1 Qd7 16. Bf3 {1-0 (53) Wallace,J (2370)-Stuart,E (2050) Copenhagen 1996}) 10... Bxc3+ 11. Nxc3 Ne7 12. Be2 c6 13. O-O Nf5 14. b4 Nh4 15. Kh1 $1 Qg6 {[%csl Gh4][%cal Rg6g2]} 16. g3 Nf5 17. b5 h5 18. bxc6 bxc6 19. Rg1 h4 20. gxh4 Qf6 21. h5 $36 {[%mdl 2048] White has good play.} c5 (21... Be6 $11 {remains equal.}) 22. Nxd5 $16 Bb7 23. Bf3 ({White should play} 23. Qd7 $1 $16 {[%cal Rd7b7]} Bc6 24. Bf3 $1 {[%mdl 512]} (24. dxc5 $2 Rfd8 $19 {[%mdl 64] Pin}) 24... Bxd5 25. Qxd5 (25. Bxd5 Rad8 $16)) 23... Bxd5 $14 24. Bxd5 Rad8 25. Qc6 Qxc6 26. Bxc6 cxd4 27. Rg5 Ne7 28. Bf3 (28. Be4 {looks sharper.} f5 29. Bc2 dxe3 30. fxe3 Rd2 31. Rag1) 28... dxe3 29. fxe3 Rd3 30. Re5 Nc8 31. a4 Nd6 32. Rc1 Rb8 33. Kg2 Rbb3 (33... Ra3 $11) 34. Rc6 Kf8 35. a5 (35. Rc7 $16) 35... f6 $11 36. Re6 Nf5 {White must now prevent ...Rd2+.} 37. h6 {h7 is the strong threat.} Nxh6 38. Rc8+ (38. Rc5 $11) 38... Kf7 $15 39. Ra6 (39. Rec6 $15) 39... Rd2+ $19 40. Kg3 Nf5+ (40... Rxe3 $19 {( -> ...Nf5+)} 41. Kf4 Re7 42. Bh5+ g6) 41. Kf4 $15 {[#]} Rf2 $1 42. Rxa7+ $2 (42. Kxf5 $15 Rxf3+ {[%mdl 64] Double Attack} 43. Kg4 Rfxe3 44. Rc7+ (44. Rxa7+ Kg6 $15) 44... Kg6 45. Kf4) 42... Kg6 $19 43. Rcc7 {[#] aiming for h4!} Kh6 $1 44. Kxf5 $2 (44. Re7 Nxe7 45. Rxe7 Rb4+ 46. Kg3) 44... Rxe3 45. Rc5 g6+ 46. Kg4 Rfxf3 {Weighted Error Value: White=0.41/Black=0.12} 0-1

[Event "Magnus Carlsen Invitational-KO 2021"]
[Site "Online"]
[Date "2021.03.17"]
[Round "2.2"]
[White "Nepomniachtchi, Ian"]
[Black "Carlsen, Magnus"]
[Result "1/2-1/2"]
[WhiteElo "2789"]
[BlackElo "2847"]
[Annotator "TA"]
[PlyCount "283"]
[EventDate "2021.03.16"]
[EventType "k.o."]
[EventCountry "NET"]
[SourceTitle "playchess.com"]
[Source "ChessBase"]
[SourceQuality "1"]

{[%evp 16,283,7,4,20,8,13,13,12,19,16,9,20,18,27,12,12,13,12,5,3,7,15,14,11,16,17,0,0,-6,-11,-5,1,0,0,3,13,15,18,0,0,0,0,0,0,0,0,0,0,0,0,0,0,0,0,0,0,0,0,0,0,0,0,0,0,-9,-14,-15,0,-35,-7,-43,-39,-49,-46,-51,0,-30,-23,-30,-30,-28,0,0,0,0,0,0,0,0,0,0,0,0,0,0,0,0,0,0,0,-21,-22,-28,-29,-30,-14,-27,-15,-15,-15,-15,-15,-15,-15,-15,-15,-15,-15,-15,-8,-15,-8,-15,-8,-8,-8,-8,-8,-8,-8,-8,-8,-8,-8,-8,-8,-14,0,-8,-8,-21,-8,-15,-15,-15,-15,-15,-15,-15,-8,-8,-8,-8,-8,-8,-8,-8,-8,-8,-8,-8,-8,-15,-15,-15,-8,-8,-8,-8,0,0,0,0,0,0,0,0,0,0,0,0,0,0,0,0,0,0,0,0,0,0,0,0,0,0,0,0,8,8,8,8,8,8,8,8,8,8,8,8,8,8,8,8,8,8,8,8,8,8,8,8,8,8,8,8,8,8,8,8,8,8,8,0,8,8,8,8,8,8,8,8,8,8,8,8,8,8,8,8,8,8,8,8,8,8,8,0,8,8,8,8,8,8,8,0,8,8,8,0]} 1. e4 e5 2. Nf3 Nc6 3. Bb5 a6 4. Ba4 Nf6 5. O-O Be7 6. d3 b5 7. Bb3 d6 8. a3 O-O 9. Nc3 Rb8 {9...Na5 gains popularity. C77: Ruy Lopez: 3...a6 4 Ba4 Nf6, unusual lines.} 10. Nd5 Nxd5 11. Bxd5 Bd7 12. b4 Bf6 13. Be3 Ne7 14. Bb3 Ng6 15. c3 {[#]} a5 $146 ({Predecessor:} 15... Bc6 16. a4 Qd7 17. h3 h6 18. Qc2 d5 19. axb5 axb5 20. Ra7 Ra8 21. exd5 Bxd5 22. Bxd5 Qxd5 23. Rxc7 {1-0 (35) Schmider,N (2190)-Knuedel,T (2135) Wuerzburg 2018}) 16. bxa5 Ra8 17. a4 bxa4 18. Bxa4 Rxa5 19. Bxd7 Rxa1 20. Qxa1 {[#] Threatens to win with Bb5.} Qxd7 21. Rb1 Qc6 22. Nd2 Ra8 23. Qb2 Nf8 24. d4 exd4 25. cxd4 h6 26. Qb3 Qa4 27. Qxa4 Rxa4 28. d5 Bd4 29. Bxd4 Rxd4 $11 {[%mdl 4096] Endgame KRN-KRN} 30. Rb2 f5 31. f3 fxe4 32. fxe4 Nd7 33. Kf2 Nc5 34. Ke3 Rd3+ 35. Ke2 Rd4 36. Ke3 Rd3+ 37. Ke2 Rc3 38. Rb8+ Kf7 39. Rc8 Nd7 40. Nf3 Nf6 41. Nd2 Kg6 42. g3 Kh5 43. e5 Nxd5 {Strongly threatening ...Re3+.} ({Much weaker is} 43... dxe5 $6 44. d6 $14) 44. exd6 cxd6 45. Rd8 Re3+ (45... Nf6 $15) 46. Kf2 Re6 47. Nc4 Nf6 48. Kf3 d5 49. Ne3 Re5 50. Kf4 Re4+ 51. Kf3 Rd4 52. Nf5 Rd3+ 53. Ke2 Ra3 54. Nxg7+ Kg6 55. Ne6 Ra2+ 56. Kf3 Rxh2 57. Nf4+ Kf7 58. Nxd5 (58. Ra8 {seems wilder.} Rb2 59. Ra7+ Ke8 60. Ne6 Rb3+ 61. Kf4) 58... Rd2 59. Rh8 Rxd5 60. Rxh6 {KRN-KR} Ke6 61. Rh4 Rd3+ 62. Ke2 {The position is equal.} Rxg3 63. Ra4 Nd5 64. Ra8 Ke5 65. Re8+ Kd4 66. Rd8 Re3+ 67. Kf2 Re5 (67... Rc3 {with more complications.} 68. Rf8 Ra3 69. Rd8 Ke4 70. Re8+ Kf4) 68. Ra8 Kd3 69. Ra3+ Nc3 70. Kf3 Rf5+ (70... Kd4 {is more complex.} 71. Kg4 Rd5 72. Ra8 Ne4 73. Kf4 Kd3) 71. Kg4 Rf8 (71... Rf2 {looks sharper.} 72. Rb3 Kc2 73. Ra3 Rf6 74. Ra5 Kd3) 72. Ra7 Nb5 73. Rd7+ Nd4 74. Re7 Nf5 75. Ra7 Ne3+ 76. Kg3 Nf5+ (76... Ke4 {keeps more tension.} 77. Ra4+ Ke5 78. Ra5+ Nd5 79. Kg4 Rd8) 77. Kf4 Nd4+ 78. Kg3 Nc6 79. Ra4 (79. Ra2 {seems wilder.} Ke4 80. Re2+ Kd5 81. Kg4 Rc8 82. Kg5) 79... Ne5 80. Ra3+ Ke4 81. Ra4+ Ke3 82. Ra3+ Nd3 83. Kg4 Rf1 84. Kg5 Ke4 85. Ra4+ Kd5 86. Ra5+ Nc5 87. Kg4 Kd4 88. Ra8 Ne6 89. Ra4+ Ke5 90. Ra5+ Ke4 91. Ra4+ Nd4 92. Kg5 Rf5+ 93. Kg6 Rb5 94. Kf6 Rd5 (94... Kd5 {feels hotter.} 95. Ke7 Kc5 96. Ra1 Ne2 97. Re1 Rb7+) 95. Kg6 Kf4 96. Kf6 Rd7 (96... Kg4 {with more complications.} 97. Kf7 Kf5 98. Ra1 Kg4 99. Rg1+ Kf4) 97. Ra6 (97. Ra1 {seems wilder.} Ke4 98. Re1+ Kf3 99. Ra1 Kg2 100. Ra2+) 97... Rh7 {[#] ( -> ...Rh6+)} 98. Ra4 (98. Ra1 {feels hotter.} Nc2 99. Rf1+ Ke4 100. Ke6 Rh6+ 101. Kd7) 98... Rh6+ (98... Rd7 {feels hotter.}) 99. Ke7 Ke4 (99... Rh7+ {looks sharper.} 100. Kd6 Ke3 101. Ra1 Ke2 102. Ra2+ Kf3) 100. Ra1 Nc6+ 101. Kf7 Ne5+ (101... Nb4 {looks sharper.} 102. Re1+ Kd3 103. Rb1 Kc3 104. Rc1+ Kb2) 102. Ke7 Nd3 103. Kf7 Kf5 (103... Rh7+ {is more complex.} 104. Kf8 Kf5 105. Rf1+ Ke6 106. Ra1 Rh4) 104. Ke7 (104. Ra5+ {looks sharper.} Kg4 105. Ra1 Rh7+ 106. Kf6 Nf4 107. Ra4) 104... Re6+ (104... Nc5 {is interesting.} 105. Rf1+ Ke5 106. Re1+ Kd5 107. Rf1 Kc6) 105. Kd7 Ne5+ (105... Ne1 {with more complications.} 106. Ra8 Nd3 107. Ra1) 106. Kc7 Rb6 107. Kxb6 {KR-KN} Ke4 108. Ra4+ Kd5 109. Rh4 Nc4+ 110. Kc7 Ne5 111. Rh5 Kd4 112. Kd6 Nc4+ 113. Ke6 Ne3 114. Rh4+ Kd3 115. Ke5 Nc4+ 116. Kd5 {White threatens Rd4+ and mate.} Ne3+ 117. Kc5 Nc2 118. Ra4 Ne3 119. Rd4+ Kc3 120. Rd8 Nc2 121. Kd5 Kd3 122. Ke5+ Ke3 123. Rc8 Kd3 124. Rd8+ Ke3 125. Rh8 Kd3 126. Rh4 Kc3 127. Kd5 Ne3+ 128. Ke4 Nc2 129. Rh8 Kd2 130. Rh3 Nb4 131. Rb3 Nc2 $1 132. Rd3+ Ke2 133. Rh3 Kd2 134. Rb3 Ne1 135. Ra3 (135. Rb1 {with more complications.} Nc2 136. Rg1 Kc3 137. Rc1 Kd2 138. Rb1) 135... Nc2 136. Rd3+ Ke2 137. Rd8 Ne1 138. Rh8 Kd2 139. Rh1 $1 Nc2 140. Rh3 Ne1 141. Rg3 Nc2 142. Rd3+ {Weighted Error Value: White=0.05/Black=0.04} 1/2-1/2

[Event "Magnus Carlsen Invitational-KO 2021"]
[Site "Online"]
[Date "2021.03.17"]
[Round "2.2"]
[White "Giri, Anish"]
[Black "So, Wesley"]
[Result "1-0"]
[WhiteElo "2776"]
[BlackElo "2770"]
[Annotator "TA"]
[PlyCount "53"]
[EventDate "2021.03.16"]
[EventType "k.o."]
[EventCountry "NET"]
[SourceTitle "playchess.com"]
[Source "ChessBase"]
[SourceQuality "1"]

{[%evp 17,53,-3,10,5,9,18,31,3,19,5,0,10,34,27,24,25,24,24,26,25,26,4,13,6,12,13,2,0,0,-16,-12,-12,-13,-10,0,-60,464,481]} 1. e4 e6 2. d4 d5 3. e5 c5 4. c3 Bd7 5. Nf3 Nc6 6. Be2 Nge7 7. Na3 Nf5 8. Nc2 cxd4 9. cxd4 Be7 10. O-O {C02: French: Advance Variation.} O-O 11. Bd2 Rc8 12. Bd3 {White is slightly better.} f6 13. exf6 Bxf6 {[%cal Rc6d4]} 14. Bc3 Qb6 {[#]} 15. Qd2 $146 ({Predecessor:} 15. Re1 a6 16. Qd2 Qc7 17. Bxf5 exf5 18. Nb4 Nxb4 19. Bxb4 Rfe8 20. Ne5 Be6 21. Rac1 {½-½ (27) Kapusta,T (2322)-Christiaens,R (2000) ICCF email 2008}) 15... Kh8 {[%cal Rc6d4]} 16. Bxf5 exf5 17. Ne5 Be6 18. Nxc6 Rxc6 19. Rfe1 Bg8 20. Re2 h6 21. Rae1 {[%cal Ba1e1,Be1e8,Be8e6][%mdl 32]} Bg5 22. f4 (22. Qd3 {feels hotter.} Rcc8 23. Qf3 a5 24. Na1 Qa6 25. Nb3) 22... Bf6 23. Re8 Rxe8 24. Rxe8 Kh7 25. Qd3 Be6 26. g4 (26. Ne1 $11) 26... Qc7 $2 {[%mdl 8192] [#]} (26... Bd7 $15 {stays ahead.} 27. Rf8 Be7) 27. Rxe6 $1 {[%mdl 576] Remove Defender, Decoy.  Weighted Error Value: White=0.11/Black=0.51} 1-0

[Event "Magnus Carlsen Invitational-KO 2021"]
[Site "Online"]
[Date "2021.03.17"]
[Round "2.2"]
[White "So, Wesley"]
[Black "Giri, Anish"]
[Result "1/2-1/2"]
[WhiteElo "2770"]
[BlackElo "2776"]
[Annotator "TA"]
[PlyCount "130"]
[EventDate "2021.03.16"]
[EventType "k.o."]
[EventCountry "NET"]
[SourceTitle "playchess.com"]
[Source "ChessBase"]
[SourceQuality "1"]

{[%evp 9,130,12,12,19,24,0,0,0,0,0,3,0,12,0,0,0,24,0,0,0,25,19,17,21,30,29,30,30,29,29,25,0,25,23,37,25,27,18,18,17,17,16,18,17,20,0,22,18,20,15,14,11,15,14,19,14,46,72,70,39,39,47,96,17,20,11,9,8,20,0,0,0,0,0,0,0,15,15,45,45,53,55,59,59,59,15,15,15,15,15,15,11,18,18,18,18,18,0,0,0,0,0,0,0,0,0,0,0,0,0,0,0,0,0,0,0,0,0,0,0,0,-3,0]} 1. e4 c5 2. Nf3 d6 3. Bb5+ Nd7 4. Ba4 Ngf6 5. O-O e6 6. Re1 {B51: Sicilian: Moscow Variation (3 Bb5+) without 3...Bd7.} a6 {White must now prevent ...b5.} 7. c4 Be7 8. Nc3 O-O 9. d4 cxd4 10. Nxd4 Qc7 11. Qe2 Ne5 12. Bb3 $1 {[#]} Ng6 $146 ({Predecessor:} 12... Bd7 13. f4 Ng6 14. Kh1 e5 15. Nf5 Bd8 16. fxe5 Nxe5 17. Bf4 Re8 18. Rad1 Bxf5 19. exf5 {1-0 (38) Edouard,R (2649)-Keymer,V (2558) Biel 2020}) 13. Kh1 Re8 14. Be3 b6 15. Ba4 Bd7 16. Bxd7 Nxd7 17. Rac1 Rac8 18. b3 Qb7 19. f3 Nf6 20. Bf2 Bf8 21. Qd2 Qb8 22. a4 h6 23. Nc2 Red8 24. Red1 Qb7 25. h3 Be7 26. Qe3 Qa8 27. Qd2 ({Of course not} 27. Qxb6 Rb8 $15) 27... Qb7 28. Rb1 d5 29. exd5 exd5 30. Nxd5 Nxd5 31. cxd5 Bg5 32. Ne3 Ne7 33. d6 Nf5 {[#]} 34. Qd5 Qxd5 35. Nxd5 {Threatens to win with f4.} Rc2 {[#]} 36. Ne7+ ({White should try} 36. h4 $1 $16 {[%cal Rh4g5]} Bxh4 37. Bxh4 Nxh4 38. Rd4) 36... Nxe7 $11 37. dxe7 Re8 38. Bxb6 {Hoping for Rd8.} Rxe7 39. b4 Ree2 40. Rg1 Ra2 41. a5 Be7 42. Bd4 Ra4 43. Bc3 Rc2 44. Rgc1 Rxc1+ 45. Rxc1 Bxb4 46. Bxb4 Rxb4 $14 {[%mdl 4096] Endgame KR-KR} 47. Rc8+ Kh7 {The position is equal.} 48. Rc6 Ra4 49. Rxa6 h5 50. Ra8 h4 51. a6 Ra1+ 52. Kh2 Ra2 53. a7 g5 54. Kg1 Kg7 55. Kf1 Kf6 56. Ke1 Kf5 57. Kf1 Kf4 58. Re8 Rxa7 {aiming for ...Kg3.} 59. Re4+ Kf5 (59... Kg3 $5 60. Rg4+ $8 {[%mdl 64] Double Attack} Kh2 $11) 60. Kg1 f6 61. Kh2 Rd7 62. Re3 Rc7 63. Re4 Rd7 64. Re3 Rc7 65. Re4 Rd7 {Weighted Error Value: White=0.06/Black=0.04} 1/2-1/2

[Event "Magnus Carlsen Invitational-KO 2021"]
[Site "Online"]
[Date "2021.03.19"]
[Round "3.2"]
[White "Nepomniachtchi, Ian"]
[Black "Giri, Anish"]
[Result "1/2-1/2"]
[WhiteElo "2789"]
[BlackElo "2776"]
[Annotator "TA"]
[PlyCount "124"]
[EventDate "2021.03.16"]
[EventType "k.o."]
[EventCountry "NET"]
[SourceTitle "playchess.com"]
[Source "ChessBase"]
[SourceQuality "1"]

{[%evp 19,123,0,0,0,15,24,28,16,59,25,20,0,0,-17,9,5,9,0,0,0,0,0,0,-3,13,9,17,18,18,6,10,0,3,0,0,0,2,0,0,0,0,0,0,0,0,0,0,0,0,0,0,0,0,0,0,0,7,0,0,0,5,0,0,0,0,-8,-8,-8,-8,-8,0,0,0,0,0,0,0,0,0,0,0,0,8,8,8,8,8,8,8,8,8,0,0,0,29985,0,0,0,0,0,0,0,0,0,0,0]} 1. e4 c5 2. Nf3 d6 3. d4 cxd4 4. Nxd4 Nf6 5. Nc3 a6 6. Bg5 e6 7. f4 Qb6 8. Qd2 Qxb2 9. Rb1 Qa3 10. f5 Nc6 11. fxe6 {B97: Sicilian Najdorf: Poisoned Pawn.} Bxe6 12. Rxb7 Nxd4 13. Qxd4 {White has an edge.} Be7 $1 {[#]} 14. Bd3 $146 {White wants to play 0-0.} ({Predecessor:} 14. Bc4 h6 15. Bd2 Rc8 16. Bxe6 fxe6 17. Ke2 Rf8 18. Rf1 Rf7 19. Rf3 Qc5 20. Qxc5 Rxc5 {½-½ (56) Tonisson,P (2382)-Ponomarjov,R (2314) ICCF email 2015}) 14... h6 15. Bd2 Qc5 16. Ne2 (16. Qa4+ {is more complex.} Bd7 17. Rxd7 Nxd7 18. Nd5 Bd8 19. Rf1) 16... Qxd4 (16... Bc8 {seems wilder.} 17. Rb1 O-O 18. O-O Re8 19. Bb4 Qxd4+ 20. Nxd4 Bd8) 17. Nxd4 {And now e5! would win.} Bc8 18. Rb1 O-O 19. Nf5 Bxf5 20. exf5 d5 21. Be3 Ng4 22. Bd4 Rfe8 23. O-O Bf6 24. Bxf6 Nxf6 25. Rb4 a5 26. Rd4 Reb8 27. a3 Kf8 28. Re1 Re8 29. Rb1 Rab8 30. Rxb8 Rxb8 $11 {[%mdl 4096] Endgame KRB-KRN} 31. Ra4 Ra8 32. c4 Ke7 33. cxd5 Kd6 34. Kf2 Kxd5 35. Bc4+ Ke5 {[#] Threatens to win with ...Ne4+.} 36. Bxf7 Kxf5 37. Kf3 Ra7 38. Ba2 (38. Bb3 {feels hotter.} Ke5 39. g3 Kf5 40. Ke2 Ke5 41. Ke3) 38... Ke5 39. h4 g5 40. hxg5 hxg5 41. Rc4 g4+ 42. Kf2 Rb7 {[#] Strongly threatening ...Rb2+.} 43. Rc2 Kf4 44. g3+ Ke5 45. Ke3 Ne4 46. Rc4 Nxg3 {...Nf5+ is the strong threat.} 47. Rxg4 Nf5+ 48. Kd3 Rd7+ 49. Kc3 Rc7+ 50. Rc4 Rxc4+ 51. Kxc4 {KB-KN} Ne3+ 52. Kb5 Nc2 53. a4 {[%cal Ba3a4,Ba4a5,Ba5a6,Ba6a7][%mdl 32]} Nb4 54. Bb3 Nd5 55. Bxd5 Kxd5 56. Kxa5 {Intending Kb6 and mate. KP-K} Kc5 57. Ka6 Kc6 {The position is equal.} 58. a5 Kc7 59. Ka7 Kc8 60. a6 Kc7 61. Ka8 Kc8 62. a7 Kc7 {Weighted Error Value: White=0.03/Black=0.02} 1/2-1/2

[Event "Magnus Carlsen Invitational-KO 2021"]
[Site "Online"]
[Date "2021.03.19"]
[Round "3.2"]
[White "So, Wesley"]
[Black "Carlsen, Magnus"]
[Result "1/2-1/2"]
[WhiteElo "2770"]
[BlackElo "2847"]
[Annotator "TA"]
[PlyCount "113"]
[EventDate "2021.03.16"]
[EventType "k.o."]
[EventCountry "NET"]
[SourceTitle "playchess.com"]
[Source "ChessBase"]
[SourceQuality "1"]

{[%evp 18,113,28,23,27,26,12,0,6,0,-2,-8,-7,-8,-7,-15,-14,-10,-4,-7,0,-6,-5,-2,-6,-7,-10,-9,0,0,9,0,0,-17,-15,-12,-9,-10,0,-59,8,8,9,9,5,0,0,0,31,31,31,31,31,31,31,31,31,31,31,31,31,27,27,34,34,34,34,34,34,34,34,34,34,12,14,12,34,34,34,34,34,34,34,34,34,34,34,34,34,0,34,0,34,0,34,0,34,0]} 1. e4 e5 2. Nf3 Nc6 3. Bb5 a6 4. Ba4 Nf6 5. O-O Be7 6. Re1 b5 7. Bb3 O-O 8. a4 Bb7 9. d3 Re8 10. Bg5 h6 {C88: Closed Ruy Lopez: Anti-Marshall Systems.} 11. Bh4 d6 12. Nc3 {[#]} Na5 $146 {The position is equal.} ({Predecessor:} 12... b4 13. Ne2 Nd7 14. Bxe7 Nxe7 15. Ng3 Nc5 16. Bc4 Ng6 17. a5 d5 18. exd5 Bxd5 19. Bxd5 Qxd5 {0-1 (65) Karpov,A (2705)-Blatny,P (2410) Groningen 1986}) 13. Ba2 b4 14. Bxf6 Bxf6 15. Nd5 Bxd5 16. Bxd5 c6 17. Ba2 Rb8 18. Nd2 Bg5 19. Nb3 Nxb3 20. Bxb3 a5 21. g3 Qd7 22. Qh5 Rf8 23. Rad1 Rbe8 24. h4 Bd8 25. d4 exd4 26. Rxd4 Bb6 27. Rdd1 Qa7 28. Qf3 {[#]} (28. Rxd6 $11 Bxf2+ {[%mdl 64] Double Attack} 29. Kh1) 28... Bc5 (28... Re6 $1 $15 29. Qg2 (29. Bxe6 $2 fxe6 30. Qd3 Bxf2+ {[%mdl 64] Double Attack} 31. Kh1 Bxe1 $19) (29. Re2 Rf6) 29... Rf6) 29. Kg2 $11 Re5 30. Re2 Qe7 31. Rde1 Re8 32. Bc4 Qf6 33. Qxf6 gxf6 34. f4 R5e7 35. Kf3 Kg7 36. g4 Bd4 37. Rd1 Bc5 38. Rdd2 Kf8 39. b3 Kg7 40. Bd3 d5 41. exd5 {[#] Threatens to win with Rxe7.} Re3+ 42. Rxe3 Rxe3+ $14 {[%mdl 4096] Endgame KRB-KRB} 43. Kg2 cxd5 44. Bf5 d4 45. Bd3 Bd6 46. Rf2 Bc7 47. Rf3 Re1 48. h5 Re3 49. Rxe3 dxe3 {KB-KB} 50. Kf3 Bb6 51. Ke4 Bc5 52. Kd5 Bb6 53. Kc6 Bd8 (53... f5 $5 54. gxf5 (54. Kxb6 $2 fxg4 55. Kxa5 g3 $19) 54... Bd8 $11) 54. Kd7 Bb6 (54... f5 $5 55. gxf5 (55. Kxd8 $2 fxg4 56. Bf1 g3 $19) 55... Bb6 $11) 55. Kc6 Bd8 56. Kd7 Bb6 57. Kc6 {Weighted Error Value: White=0.08/Black=0.06} 1/2-1/2

[Event "Magnus Carlsen Invitational-KO 2021"]
[Site "Online"]
[Date "2021.03.19"]
[Round "3.2"]
[White "Giri, Anish"]
[Black "Nepomniachtchi, Ian"]
[Result "0-1"]
[WhiteElo "2731"]
[BlackElo "2778"]
[Annotator "TA"]
[PlyCount "76"]
[EventDate "2021.03.16"]
[EventType "k.o."]
[EventCountry "NET"]
[SourceTitle "playchess.com"]
[Source "ChessBase"]
[SourceQuality "1"]

{[%evp 9,76,15,11,-4,66,57,71,72,68,57,90,85,57,33,52,20,0,0,0,0,9,-19,0,0,0,0,7,10,25,0,0,0,0,0,0,-65,0,0,0,0,0,-50,-39,-61,-26,-51,-51,-53,-40,-135,-145,-190,-190,-153,-65,-106,0,-87,-74,-156,-148,-267,-256,-280,-271,-592,-595,-582,-567]} 1. e4 c5 2. Nf3 Nc6 3. Bb5 e6 4. Bxc6 bxc6 5. d3 Ne7 6. Nbd2 {B30: Sicilian: 2...Nc6 3 Bb5, lines without ...g6.} Ng6 (6... d6 $11) 7. h4 $1 $14 h5 8. e5 $1 {[#] White is better.} d6 $146 ({Predecessor:} 8... f6 9. Nc4 d5 10. exd6 Bxd6 11. Be3 e5 12. Nfd2 Be7 13. Qf3 Qd5 14. Qg3 Bf5 {0-1 (38) Maghsoodloo,P (2729)-Salem,A (2630) Dubai 2019}) 9. exd6 e5 10. Nc4 Bg4 11. Bg5 f6 12. Bd2 Bxd6 13. Qe2 Bc7 14. O-O-O O-O 15. Kb1 Rb8 16. Rdg1 Nf4 17. Bxf4 exf4 18. Re1 Qd5 (18... Re8 $5 {[%cal Re8e2]} 19. Qd1 Qd7 $11) 19. Qd1 Rfe8 20. b3 Kf7 21. a4 Rbd8 22. Ka2 ({White should try} 22. Kc1 $11) 22... Kg6 ({Better is} 22... Bxf3 $15 23. gxf3 Qd4) 23. Rhg1 $11 Kh6 24. Rh1 Qf7 25. Kb1 Be6 26. Nfd2 Bd5 27. Rhg1 Qg6 28. Rxe8 Rxe8 29. f3 (29. Qc1 $15) 29... f5 $1 $17 30. Qf1 Qg3 $1 31. Rh1 Bd8 ({Black should play} 31... Re6 $17 32. a5 Rg6) 32. Nd6 $15 {[#]} Rf8 (32... Re5 $1 $17) 33. N2c4 (33. Qe2 $11 {keeps the balance.}) 33... Bxh4 $17 34. Ne5 {[#]} (34. a5 $142) 34... Rf6 $1 {[%cal Rf6d6,Bf8f6,Bf6e6,Be6e5][%mdl 32]} 35. c4 (35. Ndc4 $17) 35... Bg8 $19 ({Don't do} 35... Rxd6 36. cxd5 Rxd5 37. Nxc6 $17) 36. Nb7 Re6 37. Rh3 $2 (37. d4 cxd4 38. Nd3) 37... Rxe5 38. Rxg3 Bxg3 {Weighted Error Value: White=0.31/Black=0.14} 0-1